| 000 | 01104nam a2200313 a 4500 | ||
|---|---|---|---|
| 001 | 000032145 | ||
| 003 | DO-SdBNP | ||
| 005 | 20240925085246.0 | ||
| 007 | ta | ||
| 008 | 091127s2021 dr a 000 | spa d | ||
| 020 | _a9789945099805 | ||
| 040 |
_aDO-SdBNP _bspa _cBNPHU |
||
| 082 | 4 |
_a972.9302 _bM671t, 2021 _222 |
|
| 100 | 1 |
_aMir, Pedro, _d1913-2000 _97245 |
|
| 245 | 1 | 0 |
_aTres leyendas de colores : _bensayo de interpretación de las tres primeras revoluciones del nuevo mundo / _cPedro Mir. |
| 250 | _a5ta.ed. | ||
| 260 |
_aSanto Domingo : _bBúho, _c2021. |
||
| 300 |
_a351 p. ; _c24 cm. |
||
| 504 | _a. | ||
| 590 | _aInventariado, 2022 / DG | ||
| 600 | 1 | 4 |
_aRoldan, Francisco _d1464-1502 _xLeyendas _931072 |
| 600 | 1 | 4 |
_aEnriquillo _ddd-1535 _xLeyendas _931073 |
| 650 | 4 |
_aNegros _zRepública Dominicana _92558 |
|
| 651 | 0 |
_aRepública Dominicana -- _xHistoria -- _yDescubrimiento y conquista, 1492-1503 _9255 |
|
| 651 | 0 |
_aRepública Dominicana -- _xHistoria -- _yColonia, 1503-1844 _911397 |
|
| 651 | 4 |
_aHaití _xHistoria _y1791 _99644 |
|
| 910 | _aDG. Validado, 2022/MFF | ||
| 942 |
_2ddc _cLBS1 |
||
| 999 |
_c51496 _d51496 |
||